The Routledge research companion to Anglo-Italian Renaissance literature and culture

Podrobná bibliografia
Ďalší autori: Marrapodi, Michele (Editor)
Médium: Kniha
Jazyk:angličtina
PhysicalDescription:xv, 528 strán 26 cm
Vydavateľské údaje: London New York Routledge Taylor & Francis Group 2019
ISBN:9781472410733
9781315612720
Predmet:

MARC

LEADER 00000cam a2200000 4500
001 vtls011882177
003 SK-MaSNL
005 20260331211546.0
008 190819s2019 xxk grn 001 0 eng
020 |a 9781472410733  |q (viazané) 
020 |a 9781315612720  |q (ebk) 
040 |a SNK  |b slo  |c SNK  |e rda 
041 0 |a eng 
044 |a xxk  |c UK 
072 7 |a 930.85  |x Dejiny civilizácie. Kultúrne dejiny  |2 konspekt 
080 |a 821.111  |2 2011 
080 |a 821.131.1  |2 2011 
080 |a 82.05/.07  |2 2011 
080 |a 930.85  |2 2011 
080 |a (048.8:082)  |2 2011 
100 1 |a Marrapodi, Michele  |4 edt  |9 668463 
245 1 4 |a The Routledge research companion to Anglo-Italian Renaissance literature and culture  |c edited by Michele Marrapodi 
264 1 |a London  |a New York  |b Routledge Taylor & Francis Group  |c 2019 
300 |a xv, 528 strán  |e 26 cm 
336 |a text  |b txt  |2 rdacontent 
337 |a bez média  |b n  |2 rdamedia 
338 |a zväzok  |b nc  |2 rdacarrier 
504 |a Obsahuje bibliografiu na strane 455-500 ; register na strane 501-528 
650 0 7 |a anglická literatúra  |2 SNKPH  |9 1295 
650 0 7 |a talianska literatúra  |2 SNKPH  |9 1215 
650 0 7 |a intertextualita  |2 SNKPH  |9 71406 
650 0 7 |a English literature  |2 SNKPHeng  |9 282494 
650 0 7 |a Italian literature  |2 SNKPHeng  |9 307832 
650 0 7 |a Intertextuality  |2 SNKPHeng  |9 277996 
650 0 7 |a renesancia  |2 SNKPH  |9 4038 
650 0 7 |a Renaissance  |2 SNKPHeng  |9 297961 
655 7 |a kolektívne monografie  |2 SNKPH  |9 249850 
655 7 |a Collective monographs  |2 SNKPHeng  |9 125747 
919 |a 978-1-472-41073-3 
919 |a 978-1-315-61272-0 
958 |a NB 
999 |c 1033621  |d 1035551 
952 |t snkMAR 930.85  |a SNKUST  |b SNKUST  |y PREZ  |7 0  |p 17A1375540  |o snkIC 144911  |i snk2019/21103  |8 3  |g 269.50  |0 0  |1 0  |4 0  |d 2019-08-19  |l 0  |r 2025-03-20 00:00:00  |w 2026-02-24